[Event "III Open A"]
[Site "Lodi ITA"]
[Date "2007.06.10"]
[Round "5"]
[White "Fedorchuk, Sergey A."]
[Black "Naumkin, Igor"]
[Result "1-0"]
[WhiteElo "2603"]
[BlackElo "2497"]
[PlyCount "57"]
[EventDate "2007.06.08"]

1. e4 e6 2. d4 d5 3. Nd2 c5 4. Ngf3 cxd4 5. Nxd4 Nc6 6. Bb5 Bd7 7. Nxc6 Bxc6 8.
Bxc6+ bxc6 9. c4 Bc5 10. Qa4 Qd7 11. Nb3 Bb6 12. Bg5 f6 13. Be3 Bxe3 14. fxe3
Ne7 15. O-O-O O-O 16. exd5 exd5 17. cxd5 Nxd5 18. e4 Qg4 19. Kb1 Ne7 20. Nc5
Qxg2 21. Rhg1 Qf2 22. Ne6 Rf7 23. Qc4 Kh8 24. Nd8 Rf8 25. Nf7+ Rxf7 26. Qxf7
Ng6 27. Qb7 Rf8 28. Qxc6 Qxh2 29. Qd6 1-0

[Event "III Open A"]
[Site "Lodi ITA"]
[Date "2007.06.10"]
[Round "5"]
[White "Ferretti, Folco"]
[Black "Borgo, Giulio"]
[Result "0-1"]
[WhiteElo "2268"]
[BlackElo "2418"]
[PlyCount "70"]
[EventDate "2007.06.08"]

1. Nf3 d5 2. c4 e6 3. g3 g6 4. Bg2 Bg7 5. d4 Nc6 6. O-O Nge7 7. e3 O-O 8. Qc2
a5 9. a3 a4 10. Nc3 Bd7 11. Nxa4 Nxd4 12. exd4 Bxa4 13. b3 Be8 14. Bf4 dxc4 15.
bxc4 Nf5 16. Qd3 c5 17. Rad1 cxd4 18. g4 Ne7 19. Rfe1 Nc6 20. c5 Bd7 21. Bd6
Re8 22. Ne5 Nxe5 23. Bxe5 Bxe5 24. Rxe5 Ba4 25. Rb1 Bc6 26. Bxc6 bxc6 27. Rb4
Qf6 28. Re4 e5 29. Kg2 Re6 30. f4 exf4 31. Rexd4 Re3 32. Qf1 f3+ 33. Kg1 Qe5
34. Rd1 Re2 35. Qh3 Qe3+ 0-1

[Event "III Open A"]
[Site "Lodi ITA"]
[Date "2007.06.10"]
[Round "5"]
[White "Lazic, Miroljub"]
[Black "Genocchio, Daniele"]
[Result "1-0"]
[WhiteElo "2450"]
[BlackElo "2327"]
[PlyCount "60"]
[EventDate "2007.06.08"]

1. d4 Nf6 2. Nf3 c5 3. e3 g6 4. Bd3 Bg7 5. O-O b6 6. Nbd2 cxd4 7. exd4 O-O 8.
Re1 Nc6 9. c3 Qc7 10. Ne4 d5 11. Nxf6+ Bxf6 12. Bh6 Bg7 13. Bxg7 Kxg7 14. h3 e6
15. Qd2 Bd7 16. Nh2 f6 17. Ng4 g5 18. Qc2 Ne7 19. g3 Rf7 20. Re3 h5 21. Nh2 h4
22. gxh4 gxh4 23. Rf3 Rh8 24. Kh1 Qd6 25. Rg1+ Kf8 26. Ng4 e5 27. dxe5 fxe5 28.
Rxf7+ Kxf7 29. f4 exf4 30. Rf1 Ke8 1-0

[Event "III Open A"]
[Site "Lodi ITA"]
[Date "2007.06.10"]
[Round "5"]
[White "Mola, Pietro"]
[Black "Martinez, Rolly"]
[Result "0-1"]
[WhiteElo "2276"]
[BlackElo "2422"]
[PlyCount "64"]
[EventDate "2007.06.08"]

1. e4 c5 2. c3 Nf6 3. e5 Nd5 4. d4 cxd4 5. cxd4 d6 6. Nf3 Nc6 7. Bc4 Nb6 8. Bb5
dxe5 9. Nxe5 Bd7 10. Bxc6 Bxc6 11. Nxc6 bxc6 12. O-O g6 13. Nc3 Bg7 14. Bg5 O-O
15. Re1 Re8 16. Qf3 Nd5 17. Nxd5 cxd5 18. Rad1 Qd7 19. Qd3 e6 20. Bf4 Rec8 21.
Be5 Bxe5 22. dxe5 Qa4 23. Qg3 Rab8 24. h4 h5 25. b3 Qxa2 26. Rd3 Qc2 27. Ree3
Qb1+ 28. Kh2 Rc1 29. Qg5 Rh1+ 30. Kg3 Qg1 31. Kf3 Qa1 32. Qf4 Rd1 0-1

[Event "III Open A"]
[Site "Lodi ITA"]
[Date "2007.06.10"]
[Round "5"]
[White "Rombaldoni, Andrea"]
[Black "Vignoli, Matteo"]
[Result "1-0"]
[WhiteElo "2235"]
[BlackElo "1999"]
[PlyCount "51"]
[EventDate "2007.06.08"]

1. e4 e5 2. f4 exf4 3. Nf3 d6 4. d4 g5 5. h4 g4 6. Ng1 Bh6 7. Nc3 c6 8. Qd3 Qf6
9. Nce2 Ne7 10. Bd2 Rg8 11. O-O-O Be6 12. Kb1 Nd7 13. Bc1 Nf8 14. Qa3 Bc4 15.
Nxf4 Bxf1 16. Rxf1 Nfg6 17. Nge2 Nxf4 18. Nxf4 Qxd4 19. Nh5 Bxc1 20. Nf6+ Kf8
21. Rxc1 Rg6 22. Nxh7+ Kg8 23. Ng5 f6 24. Qb3+ d5 25. Qxb7 Rc8 26. Qxe7 1-0

[Event "III Open A"]
[Site "Lodi ITA"]
[Date "2007.06.10"]
[Round "5"]
[White "Rombaldoni, Axel"]
[Black "Bove, Alessandro"]
[Result "1-0"]
[WhiteElo "2221"]
[BlackElo "2120"]
[PlyCount "51"]
[EventDate "2007.06.08"]

1. e4 Nf6 2. e5 Nd5 3. Nc3 Nxc3 4. dxc3 d5 5. f4 Bf5 6. Bd3 g6 7. Be3 e6 8.
Bxf5 gxf5 9. Qh5 h6 10. Nf3 Rg8 11. Rg1 Qd7 12. O-O-O Qa4 13. Kb1 Nd7 14. g4
Rxg4 15. Rxg4 fxg4 16. Nd4 Qa6 17. f5 Nc5 18. Bxh6 Bxh6 19. Qxh6 O-O-O 20. Qh5
Nd7 21. Qxf7 Nxe5 22. Qg7 Nc4 23. Nxe6 Qb6 24. b3 Ne3 25. Re1 Nxf5 26. Qf6 1-0

[Event "III Open A"]
[Site "Lodi ITA"]
[Date "2007.06.10"]
[Round "5"]
[White "Sciortino, Massimo"]
[Black "Pedini, Dario"]
[Result "1-0"]
[WhiteElo "2254"]
[BlackElo "2024"]
[PlyCount "80"]
[EventDate "2007.06.08"]

1. e4 e5 2. Nf3 Nc6 3. Bb5 Nge7 4. Nc3 d6 5. d4 Bd7 6. O-O Ng6 7. Re1 Be7 8. d5
Nb8 9. Bd3 O-O 10. Ne2 c6 11. c4 Na6 12. Ng3 cxd5 13. cxd5 Nc5 14. b4 Na4 15.
Bc2 b5 16. Bxa4 bxa4 17. Qd3 Qb8 18. Be3 Bf6 19. Rac1 Qxb4 20. Rb1 Qa5 21. Rb7
Bc8 22. Rb5 Qa6 23. Qb1 Nf4 24. Rc1 Bd7 25. Rb7 Rfd8 26. Rcc7 Be8 27. h3 g6 28.
Nd2 Rdc8 29. Rxa7 Rxa7 30. Rxa7 Qb5 31. Qd1 Qb2 32. Ndf1 Qxa2 33. Qg4 Rd8 34.
Bxf4 exf4 35. Qxf4 Qb2 36. Qf3 Rb8 37. Nh2 Be5 38. Ne2 Qb6 39. Re7 Kf8 40. Rxe5
dxe5 1-0

[Event "III Open A"]
[Site "Lodi ITA"]
[Date "2007.06.10"]
[Round "5"]
[White "Seps, Monika"]
[Black "Nannelli, Paolo"]
[Result "1/2-1/2"]
[WhiteElo "2265"]
[BlackElo "2173"]
[PlyCount "104"]
[EventDate "2007.06.08"]

1. e4 c6 2. d4 d5 3. Nc3 dxe4 4. Nxe4 Bf5 5. Ng3 Bg6 6. h4 h6 7. Nf3 Nd7 8. h5
Bh7 9. Bd3 Bxd3 10. Qxd3 e6 11. Bd2 Ngf6 12. O-O-O Be7 13. Ne4 Nxe4 14. Qxe4
Nf6 15. Qe2 Qd5 16. c4 Qe4 17. Rde1 Qxe2 18. Rxe2 O-O 19. Bc3 b5 20. b3 a5 21.
Ne5 Rfc8 22. f4 a4 23. g4 axb3 24. axb3 bxc4 25. bxc4 Bb4 26. Bb2 Ba3 27. Rh3
Bxb2+ 28. Kxb2 Rc7 29. Rb3 Nd7 30. Kc3 Kf8 31. Reb2 Nxe5 32. fxe5 Ke7 33. Rb8
Rxb8 34. Rxb8 f6 35. exf6+ Kxf6 36. Kb4 e5 37. dxe5+ Kxe5 38. Kc5 Kf4 39. Kd6
Rf7 40. Kxc6 Kxg4 41. Rb5 g5 42. hxg6 Rf6+ 43. Kb7 Rxg6 44. c5 h5 45. c6 h4 46.
Rb1 Rxc6 47. Kxc6 h3 48. Kd5 Kf3 49. Rb2 Kg3 50. Ke4 h2 51. Rb1 Kg2 52. Rb2+
Kg3 1/2-1/2

[Event "III Open A"]
[Site "Lodi ITA"]
[Date "2007.06.10"]
[Round "5"]
[White "Sibilio, Mario"]
[Black "Zelcic, Robert"]
[Result "0-1"]
[WhiteElo "2383"]
[BlackElo "2554"]
[PlyCount "76"]
[EventDate "2007.06.08"]

1. d4 Nf6 2. c4 e6 3. g3 d5 4. Nf3 dxc4 5. Qa4+ Nbd7 6. Bg2 a6 7. Qxc4 b5 8.
Qc2 Bb7 9. Bg5 c5 10. dxc5 Bxc5 11. O-O Rc8 12. Qb3 O-O 13. Nbd2 h6 14. Be3 Bd5
15. Qd3 Bxe3 16. Qxe3 Qa5 17. Nb3 Qb6 18. Qxb6 Nxb6 19. Nc1 Rfd8 20. Nd3 Na4
21. Rfc1 Rxc1+ 22. Rxc1 Bxa2 23. Nfe5 Bd5 24. Rc7 Nb6 25. Nxf7 Rd7 26. Rxd7
Nfxd7 27. Nd8 Bc4 28. Nc1 Nc5 29. Nc6 Kf7 30. f3 Ke8 31. Kf2 Kd7 32. Ne5+ Kd6
33. Nf7+ Kc7 34. Ke3 Nb3 35. Nxb3 Bxb3 36. Ne5 Na4 37. Kd2 Nb6 38. Nd3 Bd5 0-1

[Event "III Open A"]
[Site "Lodi ITA"]
[Date "2007.06.10"]
[Round "5"]
[White "Szakolczai, Peter"]
[Black "Rombaldoni, Denis"]
[Result "0-1"]
[WhiteElo "2287"]
[BlackElo "2368"]
[PlyCount "68"]
[EventDate "2007.06.08"]

1. e4 c6 2. Nf3 d5 3. exd5 cxd5 4. Ne5 Nf6 5. d4 g6 6. Bd3 Nc6 7. c3 Bg7 8. f4
Nxe5 9. fxe5 Ng4 10. O-O O-O 11. h3 Nh6 12. Bxh6 Bxh6 13. Qe2 f5 14. Nd2 Be6
15. Nb3 Rc8 16. Nc5 Rxc5 17. dxc5 Qc7 18. Qf2 Rc8 19. Rae1 Qxc5 20. Kh1 Qxf2
21. Rxf2 Bg5 22. Rc2 h5 23. b3 h4 24. c4 d4 25. b4 Kf7 26. b5 Rc5 27. a4 Be3
28. a5 Bc8 29. Be2 Ke6 30. a6 b6 31. Rd1 Kxe5 32. Bf3 f4 33. Be2 Bf5 34. Bd3
Kf6 0-1

[Event "III Open A"]
[Site "Lodi ITA"]
[Date "2007.06.10"]
[Round "5"]
[White "Werle, Jan"]
[Black "Mrdja, Milan"]
[Result "1-0"]
[WhiteElo "2556"]
[BlackElo "2367"]
[PlyCount "89"]
[EventDate "2007.06.08"]

1. d4 g6 2. c4 Bg7 3. Nc3 c5 4. d5 Nf6 5. e4 d6 6. Nf3 O-O 7. Bd3 e6 8. h3 exd5
9. cxd5 b6 10. O-O Ba6 11. Bf4 Bxd3 12. Qxd3 Ne8 13. Nd2 Nd7 14. Nc4 Qe7 15.
Rad1 f6 16. Rfe1 Ne5 17. Qe2 Nc7 18. Bh2 Nxc4 19. Qxc4 Qd7 20. a4 a6 21. b3 b5
22. Qd3 Rad8 23. Kh1 Rfe8 24. f4 Kh8 25. f5 g5 26. Ra1 Ra8 27. Re2 Bf8 28. Rea2
b4 29. Nb1 a5 30. Nd2 Na6 31. Nc4 Qc7 32. Re2 Nb8 33. Qg3 Ra6 34. h4 h6 35. Qg4
Qf7 36. hxg5 hxg5 37. Rd1 Nd7 38. Rd3 Kg8 39. Rh3 Rd8 40. Rh5 Nb6 41. e5 dxe5
42. Nxe5 Qxd5 43. Rd2 Qxd2 44. Rh8+ Kg7 45. Qh3 1-0

[Event "III Open A"]
[Site "Lodi ITA"]
[Date "2007.06.10"]
[Round "5"]
[White "Zozulia, Anna"]
[Black "Delchev, Aleksander"]
[Result "0-1"]
[WhiteElo "2344"]
[BlackElo "2600"]
[PlyCount "88"]
[EventDate "2007.06.08"]

1. e4 c5 2. Nf3 Nc6 3. d4 cxd4 4. Nxd4 Nf6 5. Nc3 d6 6. Be2 g6 7. O-O Bg7 8.
Nb3 O-O 9. Be3 Be6 10. f4 a5 11. a4 Bxb3 12. cxb3 e6 13. Qd2 Qe7 14. Rad1 d5
15. exd5 exd5 16. Bf3 d4 17. Bxd4 Nxd4 18. Qxd4 Ng4 19. Qd2 Qc5+ 20. Kh1 Ne3
21. Qf2 Bxc3 22. bxc3 Rac8 23. Bxb7 Nxd1 24. Qxc5 Rxc5 25. Rxd1 Rxc3 26. h3
Rxb3 27. Bc6 Rc8 28. Bb5 Rc5 29. Rd8+ Kg7 30. Ra8 h5 31. h4 Rb4 32. Rxa5 Rxf4
33. Ra7 Rc1+ 34. Kh2 Rxh4+ 35. Kg3 Rg4+ 36. Kh2 Rc2 37. Bf1 Rf4 38. Bd3 Rc3 39.
Bb5 Rh4+ 40. Kg1 Rc1+ 41. Kf2 Rc2+ 42. Kf3 Rb4 43. Bd3 Rc3 44. Ke3 Ra3 0-1

[Event "III Festival A"]
[Site "Cattolica ITA"]
[Date "2007.06.13"]
[Round "3"]
[White "Davi, Alessandro"]
[Black "Salerni, Guido"]
[Result "1-0"]
[WhiteElo "1731"]
[BlackElo "1857"]
[PlyCount "87"]
[EventDate "2007.06.11"]

1. d4 Nf6 2. c4 c5 3. Nf3 cxd4 4. Nxd4 e5 5. Nb3 Bb4+ 6. Bd2 Bxd2+ 7. Qxd2 d5
8. cxd5 Qxd5 9. Qg5 O-O 10. Nc3 Qe6 11. Rd1 Qe7 12. e4 b6 13. Bc4 Ba6 14. Bxa6
Nxa6 15. O-O Nc5 16. Nxc5 Qxc5 17. Rd3 Qe7 18. Rg3 g6 19. f4 Qc5+ 20. Kh1 Nh5
21. Qxh5 exf4 22. Qxc5 bxc5 23. Rxf4 Rad8 24. Rf2 Rfe8 25. h3 Kg7 26. Rg5 c4
27. Rc5 Rc8 28. Rd5 Re7 29. e5 Kf8 30. Nb5 Rc6 31. Rc2 a6 32. Nd4 Rcc7 33. Ra5
Red7 34. Nf3 Rc6 35. Nd2 Rdc7 36. Ra4 c3 37. Rxc3 Rxc3 38. bxc3 Rxc3 39. Rxa6
Re3 40. Nf3 h6 41. a4 Ra3 42. a5 Ra2 43. Ra8+ Kg7 44. a6 1-0

[Event "III Festival A"]
[Site "Cattolica ITA"]
[Date "2007.06.14"]
[Round "4"]
[White "Magalotti, Andrea"]
[Black "Jones, Alessandro"]
[Result "1-0"]
[WhiteElo "2112"]
[BlackElo "1962"]
[PlyCount "61"]
[EventDate "2007.06.11"]

1. e4 e5 2. Nf3 Nc6 3. Bb5 a6 4. Ba4 Nf6 5. O-O Nxe4 6. d4 b5 7. Bb3 d5 8. dxe5
Be6 9. c3 Be7 10. Nbd2 Bf5 11. Re1 Nxd2 12. Bxd2 O-O 13. Bf4 Be4 14. Nd2 Bf5
15. Nf1 Be6 16. Qf3 Na5 17. Bc2 c5 18. Rad1 Nc4 19. Bc1 Qc7 20. Qg3 Rfd8 21. f4
Qd7 22. b3 Nb6 23. Ne3 f5 24. exf6 Bxf6 25. f5 Bf7 26. Ng4 Kh8 27. Nxf6 gxf6
28. Qh4 Qc6 29. Re6 Bxe6 30. Qxf6+ Kg8 31. Rd3 1-0

[Event "III Festival A"]
[Site "Cattolica ITA"]
[Date "2007.06.14"]
[Round "4"]
[White "Sacchini, Marco"]
[Black "Orlov, Andrey"]
[Result "0-1"]
[WhiteElo "2116"]
[BlackElo "2447"]
[PlyCount "96"]
[EventDate "2007.06.11"]

1. d4 Nf6 2. c4 e6 3. Nc3 Bb4 4. a3 Bxc3+ 5. bxc3 c5 6. e3 d6 7. Bd3 Nc6 8. Ne2
O-O 9. e4 e5 10. d5 Na5 11. O-O b6 12. Ng3 Re8 13. h3 Nd7 14. Nf5 Nf8 15. Qc2
Ng6 16. g3 Ne7 17. Kh2 Nxf5 18. exf5 Ba6 19. Re1 Bxc4 20. Bxc4 Nxc4 21. Re4 b5
22. Rg4 f6 23. Rh4 Qd7 24. a4 a6 25. Qe4 Qf7 26. a5 Kh8 27. g4 Rf8 28. f3 Rg8
29. Ra2 g6 30. Bh6 gxf5 31. gxf5 Rae8 32. Rg4 Qh5 33. Rh4 Qf7 34. Rg4 Qe7 35.
Rag2 Nxa5 36. Bg7+ Rxg7 37. Rxg7 Qxg7 38. Rxg7 Kxg7 39. Qg4+ Kh8 40. Qh4 Rf8
41. Qh6 Kg8 42. Kg3 Nc4 43. Kh4 Rf7 44. Kh5 a5 45. Qc1 Rg7 46. Kh6 a4 47. Qb1
Ne3 48. Qd3 Nxf5+ 0-1

[Event "VI Festival Scacchi Verdi"]
[Site "Bresso ITA"]
[Date "2007.06.14"]
[Round "1"]
[White "Agrifoglio, Fabio"]
[Black "Garlera, Marco"]
[Result "1-0"]
[WhiteElo "2000"]
[BlackElo "1478"]
[PlyCount "97"]
[EventDate "2007.06.14"]

1. d4 d5 2. c4 e6 3. Nc3 Nf6 4. Bg5 Be7 5. Qc2 Nc6 6. e3 O-O 7. Nf3 h6 8. Bh4
b6 9. a3 Ba6 10. cxd5 Bxf1 11. Rxf1 exd5 12. O-O-O Na5 13. Kb1 Nc4 14. Ka2 Rb8
15. Ne5 Re8 16. Bxf6 Bxf6 17. Nc6 Qd7 18. Nxb8 Rxb8 19. Rc1 a5 20. Nxd5 Qxd5
21. Qxc4 Qxg2 22. Qxc7 Qd5+ 23. Qc4 Qg2 24. Ka1 Qxh2 25. Qc7 Qxc7 26. Rxc7 Bd8
27. Rc6 f6 28. Kb1 Kh7 29. Kc2 g5 30. Kd3 Rb7 31. Rd6 Be7 32. Rc6 Kg6 33. Rfc1
h5 34. Rc7 Rxc7 35. Rxc7 Bd6 36. Rc6 Bh2 37. Rxb6 Bg1 38. Ke2 Bh2 39. Kf1 Bc7
40. Rb7 Bd8 41. Rd7 Bb6 42. b4 h4 43. Kg2 Kh5 44. Rd6 Bc7 45. Rxf6 axb4 46.
axb4 Bd8 47. Re6 Kg4 48. f3+ Kf5 49. Rc6 1-0

[Event "VI Festival Scacchi Verdi"]
[Site "Bresso ITA"]
[Date "2007.06.14"]
[Round "1"]
[White "Andreazza, Attilio"]
[Black "D'Apa, Massimo"]
[Result "1-0"]
[WhiteElo "2092"]
[BlackElo "1488"]
[PlyCount "39"]
[EventDate "2007.06.14"]

1. d4 Nf6 2. Bg5 g6 3. Bxf6 exf6 4. e3 Bg7 5. Nf3 O-O 6. Bd3 d6 7. Nbd2 f5 8.
h4 c6 9. h5 g5 10. c3 Bh6 11. Qc2 Qf6 12. O-O-O b5 13. Kb1 a5 14. e4 Ba6 15. e5
dxe5 16. dxe5 Qe7 17. Bxf5 b4 18. Ne4 Kh8 19. Nf6 bxc3 20. Bg4 1-0

[Event "VI Festival Scacchi Verdi"]
[Site "Bresso ITA"]
[Date "2007.06.14"]
[Round "1"]
[White "Azzinaro, Luca"]
[Black "Fiorili, Roberto"]
[Result "0-1"]
[WhiteElo "1422"]
[BlackElo "1939"]
[PlyCount "82"]
[EventDate "2007.06.14"]

1. e4 c5 2. c3 d5 3. exd5 Qxd5 4. Nf3 Nf6 5. d4 Bg4 6. Be2 cxd4 7. Qxd4 Nc6 8.
Qa4 Bd7 9. Qd1 e5 10. O-O Be7 11. Nbd2 O-O 12. Bc4 Qd6 13. Qe2 Qc7 14. Bb3 Rac8
15. Ne4 Nxe4 16. Qxe4 Kh8 17. Bg5 f5 18. Qe2 e4 19. Bxe7 exf3 20. Qxf3 Nxe7 21.
Rad1 Bc6 22. Qe3 a6 23. Qh3 Rf6 24. Qe3 f4 25. Qd3 Rh6 26. Rd2 Bb5 27. c4 Bxc4
28. Bxc4 Qxc4 29. Qxc4 Rxc4 30. Rd7 Re6 31. Rxb7 h6 32. h3 Re2 33. Rb6 Rcc2 34.
Rxa6 Nf5 35. Rg6 Ng3 36. b4 Nxf1 37. Kxf1 Rxf2+ 38. Kg1 Rxa2 39. b5 Rfb2 40.
Rb6 Rxg2+ 41. Kf1 Rgb2 0-1

[Event "VI Festival Scacchi Verdi"]
[Site "Bresso ITA"]
[Date "2007.06.14"]
[Round "1"]
[White "Brighenti, Alessandro"]
[Black "Smokina, Karolina"]
[Result "0-1"]
[WhiteElo "1597"]
[BlackElo "2192"]
[PlyCount "42"]
[EventDate "2007.06.14"]

1. e4 c5 2. Nc3 Nc6 3. g3 g6 4. Bg2 Bg7 5. d3 d6 6. f4 e5 7. Nf3 Nge7 8. O-O
exf4 9. Bxf4 O-O 10. Qd2 Nd4 11. Nd1 Nxf3+ 12. Bxf3 d5 13. c3 Bh3 14. Re1 dxe4
15. Bxe4 Nd5 16. Bh6 f5 17. Bh1 f4 18. Bxd5+ Qxd5 19. Bxf4 h6 20. c4 Qf3 21.
Nc3 Rxf4 0-1

[Event "VI Festival Scacchi Verdi"]
[Site "Bresso ITA"]
[Date "2007.06.14"]
[Round "1"]
[White "Capuano, Eugenio"]
[Black "Basilico, Davide"]
[Result "1-0"]
[WhiteElo "2237"]
[BlackElo "1632"]
[PlyCount "39"]
[EventDate "2007.06.14"]

1. d4 d5 2. c4 e6 3. Nf3 Nd7 4. Nc3 Ngf6 5. Bg5 Be7 6. e3 O-O 7. Rc1 c6 8. Bd3
Re8 9. O-O Bd6 10. e4 dxc4 11. Bxc4 e5 12. Bb3 Qc7 13. Bxf6 Nxf6 14. Nb5 Qe7
15. Nxd6 Qxd6 16. dxe5 Qxd1 17. Rfxd1 Nxe4 18. Re1 Bf5 19. Bc2 Nd6 20. exd6 1-0

[Event "VI Festival Scacchi Verdi"]
[Site "Bresso ITA"]
[Date "2007.06.14"]
[Round "1"]
[White "Carbone, Lorenzo"]
[Black "Marelli, Vittorio"]
[Result "1-0"]
[WhiteElo "1820"]
[BlackElo "1427"]
[PlyCount "66"]
[EventDate "2007.06.14"]

1. e4 e5 2. Nf3 Nc6 3. Bb5 a6 4. Ba4 b5 5. Bb3 h6 6. c3 Nf6 7. O-O Bb7 8. Re1
Bd6 9. h3 O-O 10. d3 Na5 11. Bc2 c5 12. d4 exd4 13. e5 Bxf3 14. gxf3 Bxe5 15.
Rxe5 Qc7 16. Bf4 Nc4 17. Rf5 Qc6 18. Nd2 Nxb2 19. Qf1 dxc3 20. Ne4 Nxe4 21.
Bxe4 Qg6+ 22. Rg5 Qb6 23. Rg3 Rad8 24. Qg2 Qf6 25. Kh2 Qxf4 26. Rg1 g6 27. Kh1
g5 28. Rg4 Qf6 29. h4 Qg7 30. hxg5 Kh8 31. Rh4 Rg8 32. Qh3 Qf8 33. Rxh6+ Kg7
1-0

[Event "VI Festival Scacchi Verdi"]
[Site "Bresso ITA"]
[Date "2007.06.14"]
[Round "1"]
[White "Madaschi, Sergio"]
[Black "Barberi, Alessandro"]
[Result "0-1"]
[WhiteElo "1511"]
[BlackElo "2152"]
[PlyCount "48"]
[EventDate "2007.06.14"]

1. e4 g6 2. d4 Bg7 3. c4 d6 4. Nf3 Nd7 5. Nc3 e5 6. d5 Ne7 7. Be2 h6 8. O-O f5
9. Nd2 O-O 10. f3 f4 11. b4 g5 12. Nb3 Nf6 13. c5 h5 14. cxd6 cxd6 15. a3 g4
16. Bd2 Ng6 17. Rc1 g3 18. h3 Qb6+ 19. Kh1 Nh4 20. Na4 Qd8 21. b5 Bxh3 22. gxh3
Qd7 23. Kg1 Qxh3 24. Rf2 g2 0-1

[Event "VI Festival Scacchi Verdi"]
[Site "Bresso ITA"]
[Date "2007.06.14"]
[Round "1"]
[White "Maremonti, Marco"]
[Black "Cardani, Roberto"]
[Result "0-1"]
[WhiteElo "1440"]
[BlackElo "1904"]
[PlyCount "52"]
[EventDate "2007.06.14"]

1. d4 Nf6 2. c4 e6 3. Nc3 Bb4 4. Bg5 h6 5. Bh4 c5 6. Bxf6 Bxc3+ 7. bxc3 Qxf6 8.
e4 d6 9. Nf3 Nc6 10. Be2 O-O 11. O-O e5 12. d5 Ne7 13. Kh1 Ng6 14. g3 Qe7 15.
Nd2 Bh3 16. Rg1 f5 17. exf5 Bxf5 18. Bg4 Qg5 19. Bxf5 Qxf5 20. f3 Qd3 21. Rc1
Rad8 22. a4 e4 23. fxe4 Rf2 24. Qh5 Qxd2 25. Rcd1 Qe2 26. Qh3 Qxe4+ 0-1

[Event "VI Festival Scacchi Verdi"]
[Site "Bresso ITA"]
[Date "2007.06.14"]
[Round "1"]
[White "Mingolla, Patrizio"]
[Black "Pelizzola, Danilo"]
[Result "0-1"]
[WhiteElo "1488"]
[BlackElo "2070"]
[PlyCount "102"]
[EventDate "2007.06.14"]

1. e4 e5 2. Nf3 Nc6 3. Bb5 a6 4. Bxc6 dxc6 5. O-O f6 6. d3 Bc5 7. Nxe5 fxe5 8.
Qh5+ Kf8 9. Qxe5 Qd6 10. Qh5 Nf6 11. Qe2 Bg4 12. Qe1 Re8 13. Be3 Kf7 14. Qa5
Re5 15. Qd2 Rd8 16. Bf4 Nxe4 17. dxe4 Qe7 18. Qc3 Rxe4 19. Qb3+ Kf8 20. Be3 Be2
21. Bxc5 Qxc5 22. Nc3 Rb4 23. Na4 Rxb3 24. Nxc5 Rxb2 25. Ne6+ Ke7 26. Nxd8 Bxf1
27. Nxc6+ Kd6 28. Na5 Be2 29. Nb3 c5 30. c3 Kd5 31. f3 b6 32. Kf2 a5 33. Ke3
Bc4 34. Rd1+ Kc6 35. Rd2 Rb1 36. g4 a4 37. Nxc5 bxc5 38. h4 Rc1 39. Rb2 Rxc3+
40. Kf2 Bd5 41. f4 Rf3+ 42. Ke2 Rg3 43. Kf1 Rxg4 44. Rf2 Bxa2 45. f5 Rxh4 46.
f6 gxf6 47. Rxf6+ Kb5 48. Rf2 Bc4+ 49. Ke1 a3 50. Rc2 Rh1+ 51. Kd2 Rh2+ 0-1

[Event "VI Festival Scacchi Verdi"]
[Site "Bresso ITA"]
[Date "2007.06.14"]
[Round "1"]
[White "Murli, Almerico"]
[Black "Rossini, Luca"]
[Result "1-0"]
[WhiteElo "1896"]
[BlackElo "1440"]
[PlyCount "88"]
[EventDate "2007.06.14"]

1. e4 c5 2. Nf3 Nc6 3. d4 cxd4 4. Nxd4 g6 5. Nc3 Bg7 6. Be3 e5 7. Ndb5 Nf6 8.
Qd6 Qe7 9. Nc7+ Kd8 10. Qxe7+ Nxe7 11. Nxa8 Nc6 12. Bc4 b6 13. Bxf7 Bb7 14.
Nxb6 axb6 15. Bxb6+ Kc8 16. f3 Nd4 17. O-O-O Rf8 18. Bc4 Bh6+ 19. Kb1 Be3 20.
Rd3 Bf4 21. Bxd4 exd4 22. Rxd4 Be5 23. Rd3 Kb8 24. h3 Rc8 25. Bb5 Bxc3 26. Rxc3
Rxc3 27. bxc3 Bc6 28. c4 Ne8 29. Rd1 Kc7 30. e5 d6 31. exd6+ Nxd6 32. Rxd6 Kxd6
33. Bxc6 Kxc6 34. Kb2 Kc5 35. Kc3 h6 36. a4 Kb6 37. Kb4 h5 38. c5+ Kc6 39. a5
Kb7 40. Kb5 Kc7 41. a6 Kb8 42. Kb6 Ka8 43. c6 Kb8 44. a7+ Kc8 1-0

[Event "VI Festival Scacchi Verdi"]
[Site "Bresso ITA"]
[Date "2007.06.14"]
[Round "1"]
[White "Nava, Mario"]
[Black "D'Aulisa, Francesco"]
[Result "0-1"]
[WhiteElo "1431"]
[BlackElo "1856"]
[PlyCount "88"]
[EventDate "2007.06.14"]

1. c4 d6 2. Nc3 e6 3. e4 Nd7 4. Nf3 h6 5. d3 b6 6. Be2 Ne7 7. Bf4 Bb7 8. e5 d5
9. Qa4 Bc6 10. Qb3 Nc5 11. Qd1 g5 12. Bg3 d4 13. Nb5 Nf5 14. b4 Na6 15. a3 g4
16. Nd2 h5 17. Ne4 Bg7 18. Nf6+ Kf8 19. Rg1 Nb8 20. Qc1 a6 21. Nxd4 Qxd4 22.
Ne4 Bxe5 23. Bxe5 Qxe5 24. g3 Bxe4 25. dxe4 Qxe4 26. Qg5 Nc6 27. Rd1 Ncd4 28.
Rxd4 Nxd4 29. Qe3 Nc2+ 30. Kf1 Nxe3+ 31. fxe3 Qxe3 32. Rg2 Rd8 33. Rf2 Qc1+ 34.
Kg2 Qxa3 35. b5 a5 36. Kg1 Rd2 37. Kg2 Qe3 38. Kf1 Kg7 39. Ke1 Rd1+ 40. Kxd1
Qxf2 41. Bd3 Rd8 42. h4 Rxd3+ 43. Kc1 Qe2 44. c5 Rd1# 0-1

[Event "VI Festival Scacchi Verdi"]
[Site "Bresso ITA"]
[Date "2007.06.14"]
[Round "1"]
[White "Ragoso, Mario"]
[Black "Georgiev, Vladimir"]
[Result "0-1"]
[WhiteElo "1655"]
[BlackElo "2540"]
[PlyCount "28"]
[EventDate "2007.06.14"]

1. d4 d5 2. c4 dxc4 3. Nf3 c6 4. a4 Nf6 5. e3 Be6 6. Nc3 g6 7. Ne5 Bg7 8. Nxc4
O-O 9. Be2 c5 10. dxc5 Qxd1+ 11. Nxd1 Na6 12. O-O Nxc5 13. f3 Nb3 14. Rb1 Rac8
0-1

[Event "VI Festival Scacchi Verdi"]
[Site "Bresso ITA"]
[Date "2007.06.14"]
[Round "1"]
[White "Rettore, Ludwig"]
[Black "Cimo', Alessandro"]
[Result "1-0"]
[WhiteElo "2172"]
[BlackElo "1530"]
[PlyCount "45"]
[EventDate "2007.06.14"]

1. e4 c5 2. Nf3 d6 3. d4 cxd4 4. Nxd4 Nf6 5. Nc3 a6 6. Be2 e6 7. O-O b5 8. Bf3
e5 9. Nf5 Bxf5 10. exf5 Ra7 11. Be3 Rd7 12. a4 b4 13. Nd5 Nxd5 14. Qxd5 Qc7 15.
c3 bxc3 16. Rac1 c2 17. Be4 Qc8 18. Bb6 Ke7 19. Rxc2 Qe8 20. Rfc1 Rd8 21. Bxd8+
Qxd8 22. Rc7+ Nd7 23. Qb7 1-0

[Event "VI Festival Scacchi Verdi"]
[Site "Bresso ITA"]
[Date "2007.06.14"]
[Round "1"]
[White "Taglione, Giuseppe"]
[Black "Pepa, Syrja"]
[Result "0-1"]
[WhiteElo "1403"]
[BlackElo "1817"]
[PlyCount "64"]
[EventDate "2007.06.14"]

1. e4 e5 2. Nf3 Nc6 3. Bb5 a6 4. Ba4 Nf6 5. d3 b5 6. Bb3 Be7 7. Nc3 O-O 8. O-O
d6 9. Bg5 Bg4 10. h3 Bxf3 11. Qxf3 Nd4 12. Qd1 c6 13. Ne2 Nxb3 14. axb3 d5 15.
f3 Qb6+ 16. Kh1 h6 17. Bxf6 Bxf6 18. Ng3 Bg5 19. Qe2 Bf4 20. Kh2 f5 21. Qf2
Qxf2 22. Rxf2 Rf6 23. exf5 Rxf5 24. h4 Rf6 25. Kh3 g6 26. Ne2 Be3 27. Rff1 b4
28. c3 c5 29. g3 Rb6 30. Rab1 Rab8 31. c4 Rd8 32. Rfd1 Rbd6 0-1

[Event "VI Festival Scacchi Verdi"]
[Site "Bresso ITA"]
[Date "2007.06.15"]
[Round "2"]
[White "Barberi, Alessandro"]
[Black "D'Aulisa, Francesco"]
[Result "1-0"]
[WhiteElo "2152"]
[BlackElo "1856"]
[PlyCount "83"]
[EventDate "2007.06.14"]

1. d4 e6 2. c4 d6 3. e4 Nd7 4. Nc3 b6 5. Be3 h6 6. Bd3 Bb7 7. f4 Ne7 8. Nf3 g6
9. O-O Nf6 10. h3 Qd7 11. b4 Nh5 12. Kh2 Rg8 13. g4 Ng7 14. e5 d5 15. c5 Nc6
16. b5 Nxd4 17. Bxd4 bxc5 18. Bf2 Be7 19. a4 h5 20. g5 Nf5 21. a5 c4 22. Bxf5
gxf5 23. a6 Bc8 24. Nd4 Bb4 25. Qf3 Qe7 26. Nc6 Qf8 27. Nxb4 Qxb4 28. Rfb1 Qf8
29. Bd4 Bd7 30. Qf2 h4 31. Bxa7 Qg7 32. b6 cxb6 33. Rxb6 f6 34. exf6 Qh7 35.
Rb8+ Kf7 36. Rxg8 Rxg8 37. Bd4 Kg6 38. a7 Bc6 39. Ne2 Rc8 40. Ng1 Ba8 41. Nf3
c3 42. Ne5+ 1-0